000
00211 a2200097 4500
001
26830
100
_a
Shah, S.I.A
245
_a
Afghansitan of the afghans
260
_a
_b
Gosha-e-Adab
_c
090
_c
18063
_d
18063
942
_a
NUST-CAE
_c
M
_c
8962
999
_c
261903
_d
261903